| 000 | 00589nam a2200217Ia 4500 | ||
|---|---|---|---|
| 008 | 160404s9999 xx 000 0 und d | ||
| 020 | _a971-08-5607-3 | ||
| 050 | _aFIL HD 30.24 | ||
| 050 | _b.D58 2005 c.2 | ||
| 100 | _aDitablan, Eustaquio. | ||
| 245 | _aFeasibility study handbook / | ||
| 245 | _cEustaquio Ditablan. | ||
| 260 | _aMandaluyong: | ||
| 260 | _bNational Book Store, | ||
| 260 | _c2005 | ||
| 300 | _a105 pages : | ||
| 300 | _billustrations ; | ||
| 300 | _c22 cm. | ||
| 650 | _aFeasibility studies -- Handbooks, manuals, etc. | ||
| 650 | _xBusiness enterprises. | ||
| 999 |
_c293301 _d293301 |
||